000 01192nab a22002657a 4500
999 _c6331
_d6331
003 OSt
005 20260130205717.0
008 190603e xxum|||| |||| 00| 0 spa d
040 _cPJ
100 _96455
_aLinovich, Jonathan
245 1 0 _aJurisprudencia destacada en "Impacto de las nuevas tecnologías en el derecho urbanístico y la propiedad horizontal" /
_cJonathan A. Linovich.
260 _cCiudad Autónoma de Buenos Aires :
_aThomson Reuters La Ley,
_b2025.
300 _ap. 62-68
500 _aCita: TR LALEY AR/DOC/2429/2025 Publicado en: RCCyC 2025 (Octubre).
505 _aSumario: I. Firma digital.— II. Herramientas digitales de geolocalización.
505 _t¿Te interesa el texto completo? Solicitalo al correo: koha@justierradelfuego.gov.ar
650 0 _91497
_aCODIGO CIVIL Y COMERCIAL
650 0 _94023
_aNUEVAS TECNOLOGIAS DE INFORMACION
650 0 _9282
_aFIRMA DIGITAL
650 0 _92309
_aPROPIEDAD HORIZONTAL
650 0 _92324
_aPRESCRIPCIÓN ADQUISITIVA
650 0 _aURBANISMO
773 0 _02713
_93170
_dCiudad Autónoma de Buenos Aires : Thomson Reuters La Ley, 2015-
_tRevista Código Civil y Comercial. Nº 5 - Octubre 2025
942 _2udc
_cANA